La gran inmigración /

Guardado en:
Autor Principal: Wolf, Ema
Otros Autores: Patriarca, Cristina, Rabanal, Daniel, il.
Formato: Libro
Publicado: Buenos Aires : Sudamericana, 1991
Series:Joven ensayo
Materias:
Etiquetas: Agregar Etiqueta
Sin Etiquetas, Sea el primero en etiquetar este registro!
LEADER 00859nam a22002775a 4500
001 CEM.cems007126
005 20101111100752.0
008 130507s1991##################000#0#####d
003 CEMS
020 |a 9500706717 
082 0 4 |a A864.4 
100 1 |a Wolf, Ema 
245 1 0 |a La gran inmigración /  |c Ema Wolf y Cristina Patriarca ; ilustraciones de Daniel Rabanal 
260 |a Buenos Aires :  |b Sudamericana,  |c 1991 
300 |a 227 p. 
490 0 |a Joven ensayo 
653 |a Literatura 
653 |a Literatura argentina 
653 |a Ensayo 
653 |a Ensayo argentino 
653 |a Historia de la cultura argentina 
653 |a Inmigración 
700 1 |a Patriarca, Cristina 
700 1 |a Rabanal, Daniel, il. 
859 |a CEMS  |b BIB. CEMS - 11 de abril  |h A864.4  |i W836  |p 16866.93  |t Ej.1 
859 |a CEMS  |b BIB. CEMS - 11 de abril  |h A864.4  |i W836  |p 16943.93  |t Ej.2